Berühmte Menschen aus Bayern - Statistiken

Allgemein
  • Dieses Quiz wurde 221 mal gespielt
  • Das Durchschnittsergebnis liegt bei 15 aus 20
Antwortstatistiken
Hint Antwort % Korrekt
"Fußball-Kaiser", Libero: Bayern (64-77); Bundestrainer 1984–1990, Bayern-Präsident 1994 bis 2009, Korruptionsverwürfe wegen der WM-Vergabe 2006 Franz Beckenbauer
94%
Bayrischer Ministerpräsident seit 2018 Markus Söder
93%
Basketball-Spieler: Dallas Mavericks 1999-2019, bester ausländischer Scorer der NBA-Geschichte Dirk Nowitzki
90%
Widerstandskämpferin, engagierte sich mit ihrem Bruder in der weißen Rose Sophie Scholl
87%
Fußball-Stürmer, "Bomber der Nation", Bayern 64-79 Gerd Müller
86%
Fernsehmoderator: Wetten dass (1987–1992, 1994–2011), Die 2 (mit Günther Jauch) Thomas Gottschalk
86%
Kardinal, Theologe und Papst von 2005 bis 2013 Benedikt XVI
82%
Bayrischer "Märchen"-König, ließ Schloß Neuschwanstein errichten Ludwig II
80%
Komiker und Filmemacher: Der Schuh des Manitu, (T)Raumschiff Suprise, Wickie und die starken Männer Michael Herbig
79%
CSU-Vorsitzender 61-88, Ministerpräsident 1978 bis 1988, Bundesminister (u.a. Verteidigung, Finanzen), Kanzlerkandidat 1980 Franz Josef Strauß
75%
Erfinder des selbstzündenden Motors, der wie sein Treibstoff nach ihm benannt ist Rudolf Diesel
75%
Bayrischer Ministerpräsident 2008 bis 2018, seitdem Innenminister, Gesundheitsminister 1992 bis 1998, Landwirtschaftsminister 2005 bis 2008 Horst Seehofer
72%
Augsburger Bankier und Unternehmer, Finanzier der Habsburger-Kaiser, Sozialbaustifter Jakob Fugger
72%
Popband: Ein Kompliment; ’54, ’74, ’90, 2006; Applaus, Applaus; Das Geschenk; Ich Roque Sportfreunde Stiller
68%
Rockband: Skandal im Sperrbezirk, Schikeria, Wo bist du Spider Murphy Gang
67%
Reichsführer der SS und Reichsinnenminister, Hauptverantwortlicher des Holocaust Heinrich Himmler
61%
Rennrodler: 3x Olympiagold (92, 94, 98), 10x Weltmeister zwischen 89 und 05, 9x Wok-Weltmeister Georg Hackl
60%
Biathletin: 2x Olympiasiegerin 2010, 12x Weltmeisterin zwischen 2007 und 2012, Sportlerin des Jahres 2007, 2011 und 2012 Magdalena Neuner
59%
Dramatiker und Lyriker: Dreigroschenoper, Mutter Courage, Die heilige Johanna der Schlachthöfe, Der kaukasische Kreidekreis Bertolt Brecht
51%
Quantenphysiker, stellte die Unschärferelation auf, Alter Ego von Walter White in Breaking Bad Werner Heisenberg
36%
Keine übereinstimmenden Quizze gefunden
Verteilung der Resultate
Anzahl Personen mit jedem Resultat
Perzentil nach korrekt beantworteten Fragen
Ihre Resultats-Entwicklung
Sie haben dieses Quiz noch nicht gespielt